000 01186cam a2200313 a 4500
001 13242797
005 20161008143615.0
008 030618s2003 nyua b 000 0 eng
010 _a 2003271230
015 _aGBA3-Z9958
020 _a0-07-140805-3 (alk. paper)
035 _a(OCoLC)ocm51194683
040 _aUKM
_cUKM
_dIUL
_dDLC
042 _alccopycat
050 0 0 _aPN4192.B87
_bB66 2003
082 0 4 _aDC 808.51
_22003
_bBo63s
100 1 _aBooher, Dianna Daniels.
245 1 0 _aSpeak with confidence :
_bpowerful presentations that inform, inspire, and persuade /
_cDianna Booher.
260 _aNew York :
_bMcGraw-Hill,
_cc2003.
300 _aix, 239 pages:
_billustrations ;
_c24 cm.
504 _aIncludes bibliographical references (p. 235-238).
650 0 _aBusiness presentations.
650 0 _aPublic speaking.
856 4 2 _3Contributor biographical information
_uhttp://www.loc.gov/catdir/bios/mh041/2003271230.html
856 4 2 _3Publisher description
_uhttp://www.loc.gov/catdir/description/mh031/2003271230.html
906 _a7
_bcbc
_ccopycat
_d2
_encip
_f20
_gy-gencatlg
942 _2ddc
_cDC
999 _c5087
_d5087